1639 1904 1815 1377 1790 1277 1589 1310 1956 1136 1200 1193 1861 1619 1462 1335 1015 1621 1013 1015 1781 1170 1976 1324 1705 1934 1100 1687 1147 1525 1754 1710 1099 1599 1329 1915 1907 1479 1566 1815 1264 1175 1875 1325 1167 1630 1711 1689 1671 1922 1902 1109 1922 1691 1392 1759 1253 1020 1796 1148 1195 1884 1118 1716 1861 1790 1473 1570 1489 1883 1766 1537 1575 1146 1903 1335 1073 1004 1792 1982 1356 1414 1671 1223 1245 1040 1748 1029 1134 1694 1471 1134 1247 1736 1858 1692 1489 1042 1090 BCNSPRNW ULIB Ver.6.0+V

เปลี่ยนเป็นภาษาไทย

Change to English
 แสดงรายละเอียดบรรณานุกรม
  กลับหน้าหลัก

Brief Record : Get Marc (ISO 2709) : E-mail record : QR code < ปิดหน้าต่าง
LEADER : 00000nam 2200000uu 4500
001    13399114071
003     ULIB
008    120214s2546||||th 000 0 tha d
020    ^a974962663X
060 04 ^aWA380^bอ692ป 2546
100 0  ^aอำพล จินดาวัฒนะ
245 10 ^aปฏิรูปสุขภาพ:ปฏิรูปชีวิตและสังคม^bบันทึกเสี้ยวหนึ่งของการปฏิรูประบบสุขภาพ/^cอำพล จินดาวัฒนะ
250    ^aพิมพ์ครั้งที่ 1
260    ^a[นนทบุรี] :^bสำนักงานปฏิรูประบบสุขภาพแห่งชาติ,^c2546
300    ^a[9], 227 หน้า :^bภาพประกอบ ;^c21 ซม
500    ^aสนับสนุนโดย สถาบันวิจัยระบบสาธารณสุข
650  7 ^aนโยบายสาธารณสุข
650  7 ^aบริการทางการแพทย์
650  7 ^aการปฏิรูประบบสุขภาพ
710 2  ^aสำนักงานปฏิรูประบบสุขภาพแห่งชาติ
710    ^aสถาบันวิจัยระบบสาธารณสุข
945    ^p0^l0^i12430
995    ^aกัณชพร
999    ^aใช้งานได้ทุกระบบ
รายการนี้ยังไม่มีแท็ก
คุณยังไม่ได้ล็อกอิน คุณสามารถมีกิจกรรมร่วมกับเว็บไซต์ได้ แต่ต้องล็อกอินก่อน ::
  ล็อกอิน

รายการสื่อสารสนเทศ

ลำดับที่ ประเภท เลขเรียก/บาร์โค้ด สถานที่ สถานะ
- ไม่พบข้อมูล -

รายการใกล้เคียง
    ผู้แต่ง [อำพล จินดาวัฒนะ]

    หัวเรื่อง [นโยบายสาธารณสุข]
    หัวเรื่อง [บริการทางการแพทย์]
    หัวเรื่อง [การปฏิรูประบบสุขภาพ]

BibComment


ยังไม่เคยถูกคอมเมนท์

คอมเมนท์ทรัพยากรรายการนี้
  คอมเมนท์: ปฏิรูปสุขภาพปฏิร..


 Copyright 2026. Bcnsprnw @Library